| 000 | 00727aam a2200277 i 4500 | ||
|---|---|---|---|
| 001 | 768714001 | ||
| 003 | CO-MdFUSB | ||
| 005 | 20250510125219.0 | ||
| 007 | ta | ||
| 008 | 250510t1964 sp |||| |||| 00| 0 spa d | ||
| 040 | _cCO-MdFUSB | ||
| 041 | 0 | _aspa | |
| 082 | 0 | 4 |
_223 _a243 _bG774c |
| 100 | 1 |
_aGrau, José _eautor |
|
| 245 | 1 | 3 |
_aEl cristiano, ese desconocido _c/ José Grau |
| 264 | 1 |
_bEdiciones Evangélicas Europeas, _aWinterthur, Suiza : _c[1964] |
|
| 264 | 4 | _c©1964 | |
| 300 | _a76 páginas | ||
| 336 |
_atexto _btxt _2rdacontent |
||
| 337 |
_2rdamedia _asin mediación _bn |
||
| 338 |
_2rdacarrier _avolumen _bnc |
||
| 563 | _aRústico | ||
| 650 | 0 |
_aVida cristiana _919 |
|
| 942 | _cBK | ||
| 945 | _aJTF-925 | ||
| 999 |
_c35662 _d35662 |
||